El Salvador: recomposición de las alianzas
Đã lưu trong:
| Định dạng: | Texto |
|---|---|
| Ngôn ngữ: | Spanish |
| Những chủ đề: | |
| Các nhãn: |
Thêm thẻ
Không có thẻ, Là người đầu tiên thẻ bản ghi này!
|
MARC
| LEADER | 00000 a a2200000 04500 | ||
|---|---|---|---|
| 001 | 17907 | ||
| 003 | cru CIDCACS/IIS | ||
| 005 | 20191115135521.0 | ||
| 008 | 191115b ||||| |||| 00| 0 spa d | ||
| 999 | |c 21525 |d 21525 | ||
| 040 | |c cru CIDCACS/IIS | ||
| 245 | |a El Salvador: |b recomposición de las alianzas | ||
| 650 | |a REFORMA AGRARIA | ||
| 650 | |a TERRATENIENTES | ||
| 650 | |a IZQUIERDA | ||
| 650 | |a DEMOCRACIA | ||
| 650 | |a EL SALVADOR | ||
| 773 | |g volumen 4, número 10; páginas 109-110 | ||
| 942 | |2 ddc |c PP | ||
| 773 | 0 | |0 42391 |9 3806 |a Agencia Latinoamericana de Información, ALAI |d Quito, Ecuador: ALAI |o 03875 |t ALAI: |x 08275564 (Servicio mensual de información y documentación) | |
